Odporúčanie zohľadňujúce časové aspekty používateľov a položiek
Saved in:
| Main Author: | |
|---|---|
| Other Authors: | |
| Format: | Manuscript Book |
| Language: | Slovak |
| Published: |
2019
|
| Subjects: | |
| Online Access: | http://is.stuba.sk/zp/portal_zp.pl?podrobnosti=145572 |
| Tags: |
No Tags, Be the first to tag this record!
|
MARC
| LEADER | 00000ntm a22000003a 4500 | ||
|---|---|---|---|
| 001 | stuzp75032 | ||
| 003 | SK-STU | ||
| 005 | 20190622212818.1 | ||
| 007 | ta | ||
| 008 | 150427s2015----xo-----f-mn---000-0-slo-d | ||
| 040 | |a STU |b slo | ||
| 041 | 0 | |a slo | |
| 100 | 1 | |a Štefancová, Elena |u 070200 |k Z4 |4 aut |U FIIT Fakulta informatiky a informačných technológií |T FIIT Ústav informatiky, informačných systémov a softvérového inžinierstva |X 55695 |U I200 |Y 179 |7 55695 | |
| 242 | 0 | 1 | |a Recommendation Taking the Time Aspects of Users and Items into Account |y eng |
| 245 | 1 | 0 | |a Odporúčanie zohľadňujúce časové aspekty používateľov a položiek |
| 260 | |c 2019 | ||
| 650 | 4 | |a odporúčanie |2 slo | |
| 650 | 4 | |a temporálne aspekty |2 slo | |
| 650 | 4 | |a modelovanie |2 slo | |
| 650 | 4 | |a recommendation |2 eng | |
| 650 | 4 | |a temporal aspects |2 eng | |
| 650 | 4 | |a modeling |2 eng | |
| 700 | 1 | |a Srba, Ivan |u 070200 |k Z1 |4 ths |U FIIT Fakulta informatiky a informačných technológií |T FIIT Ústav informatiky, informačných systémov a softvérového inžinierstva |X 47914 |U I200 |Y 179 |7 47914 | |
| 856 | 4 | |u http://is.stuba.sk/zp/portal_zp.pl?podrobnosti=145572 | |
| 996 | |c I*DP22/19 |l II680 |s P |a 0 |w stuzp75032_0001 | ||